Oceňovanie v mimoriadnych účtovných závierkach so zameraním na účtovné jednotky vzniknuté splynutím

Povinnosť vykonať mimoriadnu účtovnú závierku v prípadoch zániku a zrušenia spoločnosti. Charakteristika splynutia spoločností. Vedenie účtovníctva v nástupníckej účtovnej jednotke. Charakteristika oceňovania. Reálna hodnota podľa zákona o účtovníctve. Trhová hodnota a kvalifikovaný odhad. Preceneni...

Ausführliche Beschreibung

Gespeichert in:
Bibliographische Detailangaben
1. Verfasser: Silná, Renáta, 1981-
Format: Buchkapitel
Sprache:Slowakisch
Schlagworte:
Tags: Tag hinzufügen
Keine Tags, Fügen Sie das erste Tag hinzu!

MARC

LEADER 00000nla$a2200000$$$4500
001 0048081
005 20240502071542.7
041 0 |a slo 
044 |a SK 
245 1 0 |a Oceňovanie v mimoriadnych účtovných závierkach so zameraním na účtovné jednotky vzniknuté splynutím  |c Renáta Silná 
520 |a Povinnosť vykonať mimoriadnu účtovnú závierku v prípadoch zániku a zrušenia spoločnosti. Charakteristika splynutia spoločností. Vedenie účtovníctva v nástupníckej účtovnej jednotke. Charakteristika oceňovania. Reálna hodnota podľa zákona o účtovníctve. Trhová hodnota a kvalifikovaný odhad. Precenenie záväzkov a majetku pri splynutí dvoch účtovných jednotiek. 
610 2 0 |a účtovníctvo 
610 2 0 |a závierka účtovná 
610 2 0 |a jednotka účtovná 
610 2 0 |a zrušenie podniku 
610 2 0 |a likvidácia podniku 
610 2 0 |a majetok 
610 2 0 |a záväzky 
610 2 0 |a oceňovanie 
610 2 0 |a hodnota reálna 
610 2 0 |a výsledok hospodársky 
100 1 |a Silná, Renáta, 1981-